000 00332 a2200145 4500
001 153882
040 _cEscola São Tomás de Aquino
100 _aROCHA, Ruth
240 1 0 _aO trenzinho do Nicolau
_lpor
245 1 0 _aO trenzinho do Nicolau
362 0 _a1996
440 1 _aÁtica
697 _a*LITERATURA INFANTIL
942 _cBK
999 _c153882
_d153882